All Cities in North Macedonia with 1000+ Population - Statistics

General Stats
  • This quiz has been taken 20 times
  • The average score is 37 of 229
Answer Stats
Region Municipality Answer Pop % Correct
1 Skopje Multiple Skopje 422540
100%
3 Pelagonia Bitola Bitola 69287
94%
2 Northeast Kumanovo Kumanovo 75051
94%
6 East Štip Štip 42000
94%
5 Polog Tetovo Tetovo 63176
94%
7 Vardar Veles Veles 40664
94%
10 Polog Gostivar Gostivar 32814
88%
11 Vardar Kavadarci Kavadarci 32038
88%
8 Southwest Ohrid Ohrid 38818
88%
4 Pelagonia Prilep Prilep 63308
88%
19 Southwest Debar Debar 11735
81%
9 Southeast Strumica Strumica 33825
81%
14 Southeast Gevgelija Gevgelija 15156
75%
17 Northeast Kriva Palanka Kriva Palanka 13481
69%
21 East Probištip Probištip 9760
69%
15 Southwest Struga Struga 15009
69%
20 Vardar Sveti Nikole Sveti Nikole 11728
69%
33 East Berovo Berovo 5850
63%
22 East Delčevo Delčevo 9644
63%
96 Pelagonia Demir Hisar Demir Hisar 2431
63%
41 East Makedonska Kamenica Makedonska Kamenica 4368
63%
18 Vardar Negotino Negotino 12488
63%
27 Pelagonia Resen Resen 7904
63%
13 Southwest Kičevo Kičevo 23428
56%
82 Vardar Demir Kapija Demir Kapija 2643
50%
119 Vardar Gradsko Gradsko 2008
50%
12 East Kočani Kočani 24632
50%
44 Pelagonia Kruševo Kruševo 4104
50%
16 Southeast Radoviš Radoviš 14460
50%
24 East Vinica Vinica 8584
50%
36 Polog Bogovinje Bogovinje 5239
44%
54 Southwest Makedonski Brod Makedonski Brod 3643
44%
120 Southeast Novo Selo Novo Selo 1967
44%
177 Skopje Ǵorche Petrov Novo Selo 1264
44%
92 East Pehčevo Pehčevo 2471
44%
89 Vardar Rosoma Rosoman 2553
44%
51 Southeast Valandovo Valandovo 3671
44%
35 Southeast Bogdanci Bogdanci 5244
38%
68 Polog Brvenica Brvenica 3102
38%
23 Skopje Kisela Voda Dračevo 9573
38%
34 Northeast Kratovo Kratovo 5401
38%
178 Pelagonia Mogila Mogila 1262
38%
102 Southwest Vevčani Vevčani 2359
38%
26 Skopje Aračinovo Aračinovo 7991
31%
70 Polog Tearce Tearce 3038
31%
214 Skopje Zelenikovo Zelenikovo 1107
31%
175 Southeast Bosilovo Bosilovo 1273
25%
166 Vardar Čaška Čaška 1390
25%
37 Skopje Ilinden Ilinden 5161
25%
111 Northeast Lipkovo Lipkovo 2138
25%
214 Pelagonia Novo Selo Novaci 1107
25%
67 Skopje Petrovec Petrovec 3132
25%
105 Skopje Sopište Sopište 2276
25%
25 Skopje Studeničani Studeničani 8004
25%
46 Polog Vrapčište Vrapčište 4003
25%
57 Polog Vrapčište Dobri Dol 3546
19%
171 Skopje Ǵorche Petrov Kisela Jabuka 1317
19%
55 Skopje Saraj Kondovo 3626
19%
153 Pelagonia Krivogaštani Krivogaštani 1533
19%
99 Skopje Saraj Ljubin 2426
19%
113 Southwest Plasnica Plasnica 2115
19%
32 Skopje Butel Radišani 6066
19%
107 Southeast Vasilevo Vasilevo 2175
19%
31 Skopje Ǵorche Petrov Volkovo 6402
19%
59 Polog Želino Želino 3432
19%
104 Skopje Karpoš Bardovci 2291
13%
45 Polog Gostivar Čegrane 4022
13%
39 Polog Brvenica Čelopek 4459
13%
83 Skopje Aerodrom Dolno Lisiče 2627
13%
221 Skopje Butel Ljubanci 1075
13%
79 Skopje Butel Ljuboten 2688
13%
38 Skopje Ilinden Marino 4538
13%
80 Polog Tetovo Poroj 2653
13%
40 Skopje Gazi Baba Stajkovci 4394
13%
86 Southwest Kičevo Zajas 2567
13%
152 East Zrnovci Zrnovci 1534
13%
29 Skopje Studeničani Batinci 7267
6%
180 Skopje Gazi Baba Brnjarci 1254
6%
211 Pelagonia Bitola Bukovo 1125
6%
66 Northeast Kumanovo Čerkezi 3137
6%
226 Polog Želino Čiflik 1033
6%
84 Pelagonia Dolneni Debrešte 2600
6%
173 Polog Želino Dobarce 1295
6%
223 Vardar Čaška Dolno Jabolčište 1047
6%
150 Southwest Kičevo Drugovo 1545
6%
61 Polog Tetovo Džepčište 3338
6%
110 Skopje Saraj Glumovo 2152
6%
56 Polog Tetovo Golema Rečica 3604
6%
95 Vardar Čaška Gorno Jabolčište 2434
6%
91 Pelagonia Bitola Gorno Orizari 2521
6%
137 Vardar Veles Gorno Orizari 1723
6%
130 Skopje Gazi Baba Idrizovo 1824
6%
42 Skopje Gazi Baba Indžikovo 4324
6%
62 Skopje Gazi Baba Jurumleri 3256
6%
103 Skopje Ilinden Kadino 2340
6%
52 Polog Bogovinje Kamenjane 3654
6%
132 Skopje Saraj Kopanica 1790
6%
197 Vardar Negotino Krivolak 1163
6%
118 Skopje Saraj Krušopek 2017
6%
43 Skopje Čučer-Sandevo Kučevište 4119
6%
30 Southwest Struga Labuništa 6739
6%
127 Polog Želino Larce 1850
6%
195 Skopje Saraj Laskarci 1169
6%
200 Southwest Plasnica Lisičani 1155
6%
94 Polog Tetovo Mala Rečica 2468
6%
176 Skopje Ilinden Miladinovci 1272
6%
165 Southeast Gevgelija Miravci 1392
6%
196 Skopje Čučer-Sandevo Mirkovci 1165
6%
73 Skopje Aračinovo Mojanci 2912
6%
85 Skopje Studeničani Morani 2595
6%
209 Skopje Ǵorche Petrov Nikištane 1127
6%
77 East Kočani Orizari 2737
6%
139 Northeast Lipkovo Orizari 1692
6%
203 Southwest Ohrid Peštani 1145
6%
47 Polog Bogovinje Pirok 3963
6%
97 Southwest Struga Podgorci 2430
6%
153 Skopje Saraj Raduša 1533
6%
168 Northeast Rankovce Rankovce 1337
6%
75 Skopje Saraj Rašče 2835
6%
158 East Berovo Rusinovo 1503
6%
223 Skopje Petrovec R'žaničino 1043
6%
48 Skopje Saraj Šiševo 3958
6%
222 Polog Mavrovo i Rostuše Skudrinje 1055
6%
63 Polog Tearce Slatino 3198
6%
207 Skopje Gazi Baba Stračinci 1136
6%
121 Polog Želino Strimnica 1937
6%
93 Skopje Gazi Baba Trubarevo 2470
6%
225 Skopje Kisela Voda Usje 1035
6%
60 Southwest Struga Velešta 3378
6%
64 Southwest Ohrid Velgošti 3141
6%
50 Skopje Butel Vizbegovo 3748
6%
197 Skopje Saraj Arnakija 1163
0%
116 Polog Gostivar Balin Dol 2059
0%
190 Southeast Strumica Banica 1191
0%
100 Southeast Strumica Bansko 2414
0%
185 Polog Gostivar Belovište 1208
0%
162 Northeast Kumanovo Biljanovce 1423
0%
112 Skopje Saraj Bojane 2132
0%
128 Skopje Saraj Bukoviḱ 1842
0%
202 Skopje Gazi Baba Bulačani 1147
0%
145 Vardar Veles Buzalkovo 1614
0%
181 Polog Gostivar Čajle 1236
0%
121 Pelagonia Dolneni Crnilište 1937
0%
143 Southeast Strumica Dabilje 1647
0%
74 Polog Gostivar Debreše 2859
0%
138 Southwest Struga Delogoždi 1714
0%
213 Pelagonia Dolneni Desovo 1108
0%
157 Southeast Strumica Dobrejci 1507
0%
126 Northeast Kumanovo Dobrošane 1889
0%
81 Polog Tearce Dobrošte 2649
0%
65 Polog Gostivar Dolna Banjica 3138
0%
129 Skopje Studeničani Dolno Količani 1831
0%
136 Pelagonia Bitola Dolno Orizari 1734
0%
88 Polog Bogovinje Dolno Palčište 2563
0%
108 Skopje Saraj Dolno Svilare 2174
0%
76 Polog Gostivar Forino 2809
0%
186 Southwest Struga Frangovo 1206
0%
216 Polog Tearce Gloǵi 1106
0%
164 Skopje Gazi Baba Goce Delčev 1402
0%
58 Polog Gostivar Gorna Banjica 3436
0%
227 Northeast Kumanovo Gorno Konjare 1015
0%
209 Polog Bogovinje Gorno Palčište 1127
0%
156 Polog Bogovinje Gorno Sedlarce 1521
0%
49 Polog Vrapčište Gradec 3934
0%
228 East Vinica Gradec 1013
0%
159 Southeast Vasilevo Gradošorci 1484
0%
149 Southeast Bosilovo Ilovica 1551
0%
205 Southeast Radoviš Injevo 1139
0%
216 Pelagonia Resen Jankovec 1106
0%
142 Southeast Valandovo Josifovo 1651
0%
188 Pelagonia Prilep Kanatlarci 1202
0%
174 Northeast Kriva Palanka Konopnica 1288
0%
189 Southwest Struga Korošišta 1201
0%
109 Southeast Strumica Kukliš 2172
0%
134 Pelagonia Dolneni Lažani 1755
0%
101 Southwest Ohrid Leskojec 2405
0%
208 Southwest Struga Livada 1132
0%
125 Northeast Lipkovo Lojane 1905
0%
115 Northeast Kumanovo Lopate 2063
0%
72 Northeast Lipkovo Matejče 2961
0%
141 Polog Brvenica Miletino 1674
0%
71 Southwest Struga Misleševo 2969
0%
219 Northeast Staro Nagoričane Mlado Nagoričane 1094
0%
169 Southwest Debar Mogorče 1334
0%
170 Southeast Bosilovo Monospitovo 1324
0%
135 Southeast Strumica Murtino 1740
0%
133 Southeast Gevgelija Negorci 1768
0%
69 Polog Vrapčište Negotino-Pološko 3068
0%
192 Polog Tearce Neprošteno 1178
0%
78 Polog Tearce Nerašte 2724
0%
147 Northeast Lipkovo Nikuštak 1572
0%
193 Polog Tearce Odri 1175
0%
204 Skopje Petrovec Ognjanci 1143
0%
123 Southwest Struga Oktisi 1925
0%
144 Northeast Lipkovo Opaje 1619
0%
218 Southeast Radoviš Oraovica 1103
0%
90 Northeast Lipkovo Otlja 2538
0%
161 Polog Želino Palatica 1432
0%
199 Southeast Vasilevo Piperevo 1158
0%
146 Southeast Valandovo Pirava 1586
0%
179 Southeast Radoviš Podareš 1260
0%
172 Northeast Kumanovo Projevce 1311
0%
182 Southeast Strumica Prosenikovo 1223
0%
124 Polog Tearce Pršovce 1923
0%
114 Southwest Struga Radolišta 2067
0%
212 Polog Gostivar Raven 1116
0%
87 Northeast Kumanovo Romanovce 2566
0%
183 Northeast Lipkovo Ropalce 1212
0%
201 Polog Tetovo Saraḱino 1153
0%
106 Polog Tetovo Selce 2239
0%
155 Polog Jegunovce Šemševo 1532
0%
167 Polog Vrapčište Senokos 1351
0%
28 Skopje Gazi Baba Singeliḱ 7829
0%
187 Polog Bogovinje Siničane 1205
0%
151 Polog Tetovo Šipkovica 1540
0%
52 Northeast Lipkovo Slupčane 3654
0%
184 Skopje Petrovec Sredno Konjari 1211
0%
160 Southeast Bogdanci Stojakovo 1451
0%
220 Southwest Kičevo Strelci 1078
0%
193 Polog Brvenica Tenovo 1175
0%
206 Vardar Negotino Timjanik 1138
0%
98 Polog Želino Treboš 2427
0%
229 East Kočani Trkanje 1001
0%
191 Northeast Kumanovo Tromeǵa 1187
0%
131 Northeast Lipkovo Vaksince 1808
0%
148 Southwest Struga Vraništa 1563
0%
163 Polog Gostivar Zdunje 1410
0%
140 Pelagonia Dolneni Žitoše 1690
0%
117 East Probištip Zletovo 2036
0%
No matching quizzes found
Score Distribution
Percent of People with Each Score
Percentile by Number Answered
Your Score History
You have not taken this quiz